Loading...
Wheel of Law: India,s Secularism in Comparative Constitutional Context
| Main Author: | |
|---|---|
| Format: | Printed Book |
| Language: | English |
| Published: |
Oxford
University Press
2003
|
| LEADER | 00494nam a2200109Ia 4500 | ||
|---|---|---|---|
| 008 | 111205s9999 xx 000 0 eng d | ||
| 100 | |a Jacobsohn ,Gary Jeffrey | ||
| 245 | |a Wheel of Law: India,s Secularism in Comparative Constitutional Context |c Jacobsohn ,Gary Jeffrey | ||
| 260 | |b University Press |a Oxford |c 2003 | ||
| 942 | |c BK | ||
| 999 | |c 227992 |d 227992 | ||
| 952 | |0 0 |1 0 |2 ddc |4 0 |6 E_321_800000000000000_JAC_W |7 0 |9 251727 |a MAL |b MAL |c ST1 |d 1981-12-18 |g 0.00 |l 0 |o E 321.8 JAC/W |p MAL28159 |r 2011-12-05 |v 695.00 |w 2011-12-05 |y BK | ||